01614nam a2200361 a 45000010008000000030009000080050017000170070008000340080041000420200018000830400022001010920037001231000038001602450107001982600056003053000036003614900010003975000050004075050134004576500040005916500041006316500049006726500036007216500043007577000031008008300010008319100037008419420012008789520160008909520169010509560018012199990015012370000241DO-SdBNP20160411134509.00000241150130s20uu dr abc 000 0 spa d a9789945444093 aBPMSUbspacBPMSU a372.7bR788m 7mo. [2000?] 1 aRosa, María del Jesús, de la 10aMatemática 7 :b[educación básica] /cMaría del Jesús de la Rosa, Francisca Antonia Medrano  aSanto Domingo :bActualidad Escolar 2000,c[2000?]. a192 p. :bil., retrs. ;c28 cm.1 aSigma aLa biblioteca posee el "Libro del maestro¨.1 tNúmeros enteros (Z) --tNúmeros racionales (Q) --tZonas de vida en la República Dominicana --tLaguna Cabral o Rincón -- aMATEMÁTICASxEDUCACIÓN BÁSICA 4aMATEMÁTICASxEDUCACIÓN ELEMENTAL 4aEDUCACIÓN PRIMARIAzREPÚBLICA DOMINICANA aMATEMÁTICASxLIBROS DE TEXTOS 4aMATEMÁTICASxESTUDIOS Y EJERCÍCIOS1 aMedrano, Francisca Antonia 0aSigma aValidado. Control de calidad MFF 2ddccBK 00102ddc40708ESCaBPMETbBPMETd2016-04-06eDonaciónl0o372.7 R788m, 7mo. [2000?] Libro del maestropBPMSU16040135r2016-04-06w2016-04-06yBK 00102ddc40708ESCaBPMETbBPMETd2016-04-06eDonaciónl0o372.7 R788m, 7mo. [2000?] Libro del maestropBPMSU16040136r2016-04-06tej. 2w2016-04-06yBK aYLOCKWARDb10 c9572d9572